01063nam a2200241Ia 450000100060000000300090000600800410001504000130005604000130006904100130008210000230009510000290011824500590014724500590020625000110026526000110027626000160028726000490030330000430035250003590039565000360075465000310079022131IT-RoPAU130308s9999 xx 000 0 und d aIT-RoPAU cIT-RoPAU aITALIANO aPierantoni Ruggero gCodice Aut. SPICS: 7651 aOcchio e l'idea (L')-Fisiologia e storia della visione bOcchio e L'Idea (L')-Fisiologia e storia della Visione a2a ed. aTORINO bBoringhieri c1982 [1° Ed.:1981 - Ed.Ling.Originale:1981] a"242 p. (prefazione: no ; testo: 242)" aTappe Piu' Significative della Ricerca Sull'Occhio Dall'Antichità€ Ad Oggimiti della Visione Spazio Luce proporzioni Simmetrie e Alfabeti Illusione e piacere Occhio Secondo Pitagora Democrito Leonardo Keplero Cartesio Newton Berkeley Golgi Problemi di Prospettiva rappresentazione Spazio Percezione visiva immagini dal Computer Riferimenti Bibliografici aTEORIA/LINGUAGGI DI ESTETOLOGIA eCodice materia Spics: 5103